| 000 | 00531cam a2200169 4500500 | ||
|---|---|---|---|
| 005 | 20260405002120.0 | ||
| 041 | _afre | ||
| 042 | _adc | ||
| 100 | 1 | 0 |
_aTenaillon, Nicolas _eauthor |
| 245 | 0 | 0 | _aMission impensable / Jan Patočka |
| 260 | _c2015. | ||
| 500 | _a69 | ||
| 690 | _aJan Patocka | ||
| 690 | _aPhénoménologie | ||
| 786 | 0 | _nPhilosophie magazine | 95 | 12-1 | 2015-12-01 | p. 57-60 | 1951-1787 | |
| 856 | 4 | 1 | _uhttps://shs.cairn.info/magazine-philosophie-magazine-2015-12-1-page-57?lang=fr&redirect-ssocas=7080 |
| 999 |
_c2054390 _d2054390 |
||